[Event "Bogota Navidad op"]
[Site "Bogota"]
[Date "2016.12.11"]
[Round "9"]
[White "Cano Aguilera, Daniel Fernando"]
[Black "Rubio Melo, Hugo Arturo"]
[Result "0-1"]
[WhiteElo "1600"]
[BlackElo "1736"]
[PlyCount "40"]
[EventDate "2016.12.07"]
[EventType "swiss"]
[EventRounds "9"]
[EventCountry "COL"]
[SourceTitle "CBM 176 Extra"]
[Source "ChessBase"]
[SourceDate "2017.03.02"]
[SourceVersion "1"]
[SourceVersionDate "2017.03.02"]
[SourceQuality "1"]

1. e4 c5 2. Nf3 d6 3. d4 cxd4 4. Nxd4 Nf6 5. Nc3 g6 6. Be2 Bg7 7. Be3 0-0 8. Qd2 Nc6 9. Nxc6 bxc6 10. f3 Re8 11. g4 Be6 12. h4 Qa5 13. Bh6 Rab8 14. Bxg7 Kxg7 15. h5 Rh8 16. h6+ Kf8 17. g5 Nh5 18. Qd4 Rg8 19. Bc4 Qb4 20. Bb3 Qxd4 0-1

[Event "Bogota Navidad op"]
[Site "Bogota"]
[Date "2016.12.10"]
[Round "6"]
[White "Cano Aguilera, Daniel Fernando"]
[Black "Nieto Mancilla, Frank Fernando"]
[Result "0-1"]
[WhiteElo "1600"]
[BlackElo "1811"]
[PlyCount "78"]
[EventDate "2016.12.07"]
[EventType "swiss"]
[EventRounds "9"]
[EventCountry "COL"]
[SourceTitle "CBM 176 Extra"]
[Source "ChessBase"]
[SourceDate "2017.03.02"]
[SourceVersion "1"]
[SourceVersionDate "2017.03.02"]
[SourceQuality "1"]

1. f4 c6 2. Nf3 d5 3. d4 g6 4. b3 Bg7 5. g3 c5 6. Bb2 Nc6 7. Ne5 Bf5 8. Nxc6 bxc6 9. e3 Be4 10. Rg1 e6 11. Bg2 Bxg2 12. Rxg2 Ne7 13. g4 h5 14. Nd2 hxg4 15. Qxg4 Nf5 16. Qe2 Qh4+ 17. Kd1 Qh3 18. Nf1 cxd4 19. exd4 Bxd4 20. Bxd4 Nxd4 21. Qd2 Qf3+ 22. Ke1 Qe4+ 23. Kd1 Nf3 24. Qc3 Kd7 25. Re2 Qd4+ 26. Qxd4 Nxd4 27. Rg2 Rh4 28. Rf2 Nf5 29. Kd2 Rah8 30. Re1 Rh3 31. Kc1 Rc3 32. Kb2 Rhh3 33. Ng3 Nxg3 34. hxg3 Rcxg3 35. Ref1 Rc3 36. Ka3 c5 37. Kb2 Kc6 38. a3 c4 39. bxc4 Rxc4 0-1

[Event "Bogota Navidad op"]
[Site "Bogota"]
[Date "2016.12.10"]
[Round "7"]
[White "Mora Suarez, Juan Felipe"]
[Black "Cano Aguilera, Daniel Fernando"]
[Result "1-0"]
[WhiteElo "1708"]
[BlackElo "1600"]
[PlyCount "56"]
[EventDate "2016.12.07"]
[EventType "swiss"]
[EventRounds "9"]
[EventCountry "COL"]
[SourceTitle "CBM 176 Extra"]
[Source "ChessBase"]
[SourceDate "2017.03.02"]
[SourceVersion "1"]
[SourceVersionDate "2017.03.02"]
[SourceQuality "1"]

1. d4 Nf6 2. Bg5 d5 3. Bxf6 exf6 4. e3 Bd6 5. Nd2 0-0 6. c4 dxc4 7. Bxc4 Bb4 8. Ngf3 Bg4 9. Be2 Re8 10. 0-0 c6 11. a3 Ba5 12. Qc2 Qd6 13. Nc4 Qd8 14. Nxa5 Qxa5 15. Qb3 Nd7 16. h3 Bxf3 17. Bxf3 Qb6 18. Qc2 Rad8 19. Rfd1 Nf8 20. Rd2 Ne6 21. Be2 Ng5 22. Bd3 g6 23. h4 Ne6 24. h5 Qa5 25. hxg6 fxg6 26. Rad1 Qh5 27. Qb3 Re7 28. Bc4 Qf5 1-0